[Event "15th Bangkok Chess Club Open Blitz 2015"]
[Site "Dusit Thani, Pattaya"]
[Date "2015.04.15"]
[Round "2.1"]
[White "Alahakoon, Isuru"]
[Black "Hemant, Sharma"]
[Result "*"]
[BlackElo "2325"]
[WhiteElo "2152"]
[LiveChessVersion "1.4.5"]

1. d4 {[%clk 0:03:02]} e6 {[%clk 0:03:03]} 2. Nf3 {[%clk 0:03:03]} d5
{[%clk 0:03:03]} 3. Bf4 {[%clk 0:03:04]} Bd6 {[%clk 0:03:04]} 4. Bxd6
{[%clk 0:03:04]} Qxd6 {[%clk 0:03:04]} 5. c3 {[%clk 0:03:06]} c5 {[%clk 0:03:01]}
6. e3 {[%clk 0:03:06]} Nc6 {[%clk 0:03:02]} 7. Bd3 {[%clk 0:03:06]} Nf6
{[%clk 0:03:00]} 8. Nbd2 {[%clk 0:03:06]} O-O {[%clk 0:02:59]} 9. Qc2
{[%clk 0:03:04]} e5 {[%clk 0:02:59]} 10. dxe5 {[%clk 0:03:05]} Nxe5
{[%clk 0:02:59]} 11. Nxe5 {[%clk 0:03:06]} Qxe5 {[%clk 0:02:59]} 12. Nf3
{[%clk 0:03:07]} Qc7 {[%clk 0:02:57]} 13. O-O {[%clk 0:02:55]} h6
{[%clk 0:02:56]} 14. c4 {[%clk 0:02:51]} b6 {[%clk 0:02:53]} 15. cxd5
{[%clk 0:02:51]} Nxd5 {[%clk 0:02:59]} 16. Be4 {[%clk 0:02:37]} Bb7
{[%clk 0:02:54]} 17. Bxd5 {[%clk 0:02:31]} Bxd5 {[%clk 0:02:54]} 18. Rad1
{[%clk 0:02:23]} Qb7 {[%clk 0:02:53]} 19. Ne1 {[%clk 0:02:11]} Rfe8
{[%clk 0:02:51]} 20. a3 {[%clk 0:02:06]} a5 {[%clk 0:02:51]} 21. g3
{[%clk 0:01:48]} a4 {[%clk 0:02:50]} 22. Qc3 {[%clk 0:01:48]} Rac8
{[%clk 0:02:40]} 23. Nd3 {[%clk 0:01:48]} Bf3 {[%clk 0:02:31]} 24. Rd2
{[%clk 0:01:48]} Qe4 {[%clk 0:02:24]} 25. Ne1 {[%clk 0:01:35]} Bh5
{[%clk 0:02:24]} 26. Qd3 {[%clk 0:01:13]} Qxd3 {[%clk 0:02:18]} 27. Rxd3
{[%clk 0:01:14]} Be2 {[%clk 0:02:19]} 28. Rd6 {[%clk 0:01:14]} Bxf1
{[%clk 0:02:18]} 29. Kxf1 {[%clk 0:01:15]} Re6 {[%clk 0:02:17]} 30. Rd7
{[%clk 0:01:15]} Kf8 {[%clk 0:02:08]} 31. Nf3 {[%clk 0:01:07]} Re7
{[%clk 0:02:07]} 32. Rd6 {[%clk 0:01:07]} Rb8 {[%clk 0:02:08]} 33. Ke2
{[%clk 0:01:05]} Ke8 {[%clk 0:02:08]} 34. Nd2 {[%clk 0:00:55]} Rd7
{[%clk 0:02:08]} 35. Rc6 {[%clk 0:00:56]} Kd8 {[%clk 0:01:43]} 36. Nc4
{[%clk 0:00:50]} b5 {[%clk 0:01:41]} 37. Ne5 {[%clk 0:00:42]} Rc7
{[%clk 0:01:42]} 38. Ra6 {[%clk 0:00:39]} Ke8 {[%clk 0:01:42]} 39. Nc6 Rbb7
{[%clk 0:01:30]} 40. Ra8+ {[%clk 0:00:33]} Kd7 {[%clk 0:01:31]} 41. Ne5+
{[%clk 0:00:34]} Ke6 {[%clk 0:01:32]} 42. Nd3 {[%clk 0:00:35]} c4
{[%clk 0:01:24]} 43. Nf4+ {[%clk 0:00:30]} Kd7 {[%clk 0:01:25]} 44. Nd5
{[%clk 0:00:30]} Rc5 {[%clk 0:01:25]} 45. Nc3 {[%clk 0:00:30]} Ke7
{[%clk 0:01:17]} 46. Ra6 {[%clk 0:00:29]} h5 {[%clk 0:01:12]} 47. e4
{[%clk 0:00:29]} f6 {[%clk 0:01:11]} 48. f4 {[%clk 0:00:30]} Kf7 {[%clk 0:01:09]}
49. Ke3 {[%clk 0:00:30]} Rc8 {[%clk 0:01:03]} 50. Nd5 {[%clk 0:00:30]} h4
{[%clk 0:00:54]} 51. g4 {[%clk 0:00:30]} h3 {[%clk 0:00:54]} 52. f5
{[%clk 0:00:22]} Re8 {[%clk 0:00:40]} 53. Kd4 {[%clk 0:00:23]} Rh8
{[%clk 0:00:38]} 54. Nf4 {[%clk 0:00:20]} Rd7+ {[%clk 0:00:37]} 55. Kc3
{[%clk 0:00:20]} Re8 {[%clk 0:00:28]} 56. Ne6 {[%clk 0:00:20]} g5
{[%clk 0:00:25]} 57. Rb6 {[%clk 0:00:19]} Rd3+ {[%clk 0:00:24]} 58. Kc2
{[%clk 0:00:16]} Re3 {[%clk 0:00:13]} 59. Rb7+ {[%clk 0:00:14]} Re7
{[%clk 0:00:14]} 60. Rb8 {[%clk 0:00:16]} Rxe6 {[%clk 0:00:16]} 61. fxe6+
{[%clk 0:00:16]} Kxe6 {[%clk 0:00:17]} 62. Rxb5 {[%clk 0:00:11]} Re2+
{[%clk 0:04:14]} 63. Kc3 {[%clk 0:00:12]} Rxh2 {[%clk 0:00:20]} 64. Rb8
{[%clk 0:00:09]} Ke5 {[%clk 0:00:18]} 65. Re8+ {[%clk 0:00:08]} Kf4
{[%clk 0:00:20]} 66. Kxc4 {[%clk 0:00:10]} Rxb2 {[%clk 0:00:20]} 67. Rf8
{[%clk 0:00:10]} Kxg4 {[%clk 0:00:20]} 68. Rxf6 {[%clk 0:00:12]} h2
{[%clk 0:00:19]} 69. Rh6 {[%clk 0:00:13]} Kf4 {[%clk 0:00:20]} 70. Kd4
{[%clk 0:00:12]} g4 {[%clk 0:00:21]} 71. e5 g3 72. e6 {[%clk 0:00:15]} Re2
{[%clk 0:00:22]} 73. Rf6+ {[%clk 0:00:15]} Kg5 {[%clk 0:00:23]} *

[Event "15th Bangkok Chess Club Open Blitz 2015"]
[Site "Dusit Thani, Pattaya"]
[Date "2015.04.15"]
[Round "3.1"]
[White "Alahakoon, Isuru"]
[Black "Hemant, Sharma"]
[Result "*"]
[BlackElo "2325"]
[WhiteElo "2152"]
[LiveChessVersion "1.4.5"]

1. Nf3 {[%clk 0:03:03]} d5 {[%clk 0:03:04]} 2. g3 {[%clk 0:03:03]} e6
{[%clk 0:03:05]} 3. Bg2 {[%clk 0:03:04]} Nf6 {[%clk 0:03:06]} 4. O-O
{[%clk 0:03:04]} Be7 {[%clk 0:03:07]} 5. d3 {[%clk 0:03:04]} b6 {[%clk 0:03:08]}
6. Nbd2 {[%clk 0:03:03]} Bb7 {[%clk 0:03:09]} 7. e4 {[%clk 0:03:01]} dxe4
{[%clk 0:03:10]} 8. Ng5 {[%clk 0:03:01]} O-O {[%clk 0:03:10]} 9. Ngxe4
{[%clk 0:03:00]} Qc8 {[%clk 0:03:05]} 10. Nxf6+ {[%clk 0:02:49]} Bxf6
{[%clk 0:03:06]} 11. Ne4 {[%clk 0:02:50]} Be7 {[%clk 0:03:06]} 12. Qh5
{[%clk 0:02:48]} Nd7 {[%clk 0:03:03]} 13. Bg5 {[%clk 0:02:46]} Bxg5
{[%clk 0:03:01]} 14. Qxg5 {[%clk 0:02:37]} Rb8 {[%clk 0:02:56]} 15. h4
{[%clk 0:02:35]} Qd8 {[%clk 0:02:58]} 16. Qf4 {[%clk 0:02:14]} e5
{[%clk 0:02:47]} 17. Qe3 {[%clk 0:01:53]} Qe7 {[%clk 0:02:46]} 18. Rfe1
{[%clk 0:01:43]} Rfe8 {[%clk 0:02:47]} 19. c3 {[%clk 0:01:37]} c5
{[%clk 0:02:48]} 20. h5 {[%clk 0:01:35]} h6 {[%clk 0:02:47]} *

[Event "15th Bangkok Chess Club Open Blitz 2015"]
[Site "Dusit Thani, Pattaya"]
[Date "2015.04.15"]
[Round "3.2"]
[White "Biag, Ivan Gil"]
[Black "Dragun, Kamil"]
[Result "*"]
[BlackElo "2537"]
[WhiteElo "2328"]
[LiveChessVersion "1.4.5"]

1. d4 {[%clk 0:03:03]} Nf6 {[%clk 0:03:03]} 2. c4 {[%clk 0:03:04]} e6
{[%clk 0:03:04]} 3. Nc3 {[%clk 0:03:05]} Bb4 {[%clk 0:03:05]} 4. e3
{[%clk 0:03:01]} O-O {[%clk 0:03:04]} 5. Nge2 {[%clk 0:03:02]} Re8
{[%clk 0:03:03]} 6. a3 {[%clk 0:03:03]} Bf8 {[%clk 0:03:03]} 7. g3
{[%clk 0:03:03]} d5 {[%clk 0:03:01]} 8. Bg2 {[%clk 0:03:03]} dxc4
{[%clk 0:03:01]} 9. Qa4 {[%clk 0:02:55]} Bd7 {[%clk 0:02:33]} 10. Qxc4
{[%clk 0:02:55]} Bc6 {[%clk 0:02:34]} 11. e4 {[%clk 0:02:55]} Nbd7
{[%clk 0:02:33]} 12. O-O {[%clk 0:02:52]} Nb6 {[%clk 0:02:30]} 13. Qb3
{[%clk 0:02:43]} a5 {[%clk 0:02:31]} 14. h3 {[%clk 0:02:40]} a4 {[%clk 0:02:32]}
15. Qc2 {[%clk 0:02:38]} h6 {[%clk 0:02:32]} 16. Bf4 {[%clk 0:02:38]} Nfd7
{[%clk 0:02:20]} 17. Rad1 {[%clk 0:02:38]} Nf6 {[%clk 0:02:09]} 18. Rfe1
{[%clk 0:02:37]} Rc8 {[%clk 0:01:57]} 19. Kh2 {[%clk 0:02:35]} Bd7
{[%clk 0:01:58]} 20. Nc1 {[%clk 0:02:14]} c5 {[%clk 0:01:55]} 21. d5
{[%clk 0:02:15]} e5 {[%clk 0:01:50]} 22. Be3 {[%clk 0:02:13]} Nc4
{[%clk 0:01:35]} 23. Nd3 {[%clk 0:01:33]} b5 {[%clk 0:01:37]} 24. Bc1
{[%clk 0:01:32]} Qa5 {[%clk 0:01:27]} 25. f4 {[%clk 0:01:19]} Bd6
{[%clk 0:01:23]} 26. f5 {[%clk 0:01:19]} Bf8 {[%clk 0:01:17]} 27. g4
{[%clk 0:01:20]} Nd6 {[%clk 0:01:17]} 28. Qf2 {[%clk 0:01:04]} b4
{[%clk 0:01:18]} 29. Nb1 {[%clk 0:00:55]} Nb5 {[%clk 0:01:15]} 30. Nd2
{[%clk 0:00:53]} bxa3 {[%clk 0:01:13]} 31. Nc4 {[%clk 0:00:28]} Qa6
{[%clk 0:01:14]} 32. Nxa3 {[%clk 0:00:25]} Nxa3 {[%clk 0:01:12]} 33. bxa3
{[%clk 0:00:26]} c4 {[%clk 0:01:13]} 34. Nb4 {[%clk 0:00:26]} Qb5
{[%clk 0:01:11]} 35. Be3 {[%clk 0:00:22]} Bxb4 {[%clk 0:01:06]} 36. axb4
{[%clk 0:00:21]} Qxb4 {[%clk 0:01:07]} 37. Rb1 {[%clk 0:00:22]} Qa5
{[%clk 0:01:08]} 38. Rec1 {[%clk 0:00:21]} c3 {[%clk 0:01:09]} 39. Bb6
{[%clk 0:00:15]} Qa8 {[%clk 0:01:06]} 40. Bc5 {[%clk 0:00:15]} Qa5
{[%clk 0:00:47]} 41. Bb4 {[%clk 0:00:15]} Qa6 {[%clk 0:00:47]} 42. Bxc3
{[%clk 0:00:15]} Qd3 {[%clk 0:00:48]} 43. Qd2 {[%clk 0:00:12]} Qc4
{[%clk 0:00:35]} 44. Qe3 {[%clk 0:00:08]} Qc5 {[%clk 0:00:30]} 45. Qxc5
{[%clk 0:00:08]} Rxc5 {[%clk 0:00:31]} 46. Ba1 {[%clk 0:00:07]} Rb5
{[%clk 0:00:24]} 47. Kg3 {[%clk 0:00:05]} Rb3+ {[%clk 0:00:24]} 48. Kf2
{[%clk 0:00:05]} Ra3 {[%clk 0:00:18]} 49. Bb2 {[%clk 0:00:04]} Ra2
{[%clk 0:00:19]} 50. Ke3 {[%clk 0:00:05]} a3 {[%clk 0:00:21]} 51. Bc3
{[%clk 0:00:05]} Rxg2 {[%clk 0:00:21]} 52. Kf3 {[%clk 0:00:06]} Rh2
{[%clk 0:00:22]} 53. Kg3 {[%clk 0:00:07]} Re2 {[%clk 0:00:23]} 54. Kf3
{[%clk 0:00:07]} Rxe4 {[%clk 0:00:24]} 55. d6 {[%clk 0:00:05]} Rf4+
{[%clk 0:00:25]} 56. Kg3 {[%clk 0:00:04]} Ne4+ {[%clk 0:00:26]} 57. Kg2
{[%clk 0:00:05]} a2 {[%clk 0:00:26]} 58. Ra1 {[%clk 0:00:06]} Rf2+
{[%clk 0:00:26]} 59. Kg1 {[%clk 0:00:07]} Rc8 {[%clk 0:00:27]} 60. Bxe5
{[%clk 0:00:05]} Rcc2 {[%clk 0:00:23]} 61. Rxc2 {[%clk 0:00:06]} Rxc2
{[%clk 0:00:24]} 62. h4 {[%clk 0:00:06]} f6 {[%clk 0:00:25]} 63. Bd4
{[%clk 0:00:07]} Rd2 {[%clk 0:00:26]} 64. Be3 {[%clk 0:00:08]} Re2
{[%clk 0:00:25]} 65. Bd4 {[%clk 0:00:09]} Nxd6 {[%clk 0:00:25]} 66. Kf1
{[%clk 0:00:10]} Rc2 {[%clk 0:00:26]} 67. Ke1 {[%clk 0:00:11]} Ne4 *

[Event "15th Bangkok Chess Club Open Blitz 2015"]
[Site "Dusit Thani, Pattaya"]
[Date "2015.04.15"]
[Round "3.3"]
[White "Bartel, Michal"]
[Black "Wang, Hao"]
[Result "0-1"]
[BlackElo "2705"]
[WhiteElo "2381"]
[LiveChessVersion "1.4.5"]

1. e4 {[%clk 0:03:04]} c5 {[%clk 0:03:03]} 2. Ne2 {[%clk 0:03:05]} d6
{[%clk 0:03:01]} 3. g3 {[%clk 0:03:06]} d5 {[%clk 0:03:02]} 4. Bg2
{[%clk 0:03:08]} dxe4 {[%clk 0:03:02]} 5. Bxe4 {[%clk 0:03:09]} Nf6
{[%clk 0:03:03]} 6. Bg2 {[%clk 0:03:11]} Nc6 {[%clk 0:03:02]} 7. O-O
{[%clk 0:03:10]} e6 {[%clk 0:03:01]} 8. d3 {[%clk 0:03:10]} Be7 {[%clk 0:03:02]}
9. Nbc3 {[%clk 0:03:12]} O-O {[%clk 0:03:02]} 10. Be3 {[%clk 0:03:03]} Bd7
{[%clk 0:02:58]} 11. d4 {[%clk 0:02:46]} cxd4 {[%clk 0:02:58]} 12. Nxd4
{[%clk 0:02:47]} Rc8 {[%clk 0:02:51]} 13. Nxc6 {[%clk 0:02:45]} Bxc6
{[%clk 0:02:52]} 14. Bxa7 {[%clk 0:02:29]} Bxg2 {[%clk 0:02:30]} 15. Kxg2
{[%clk 0:02:30]} Qc7 {[%clk 0:02:27]} 16. Be3 {[%clk 0:02:27]} Bb4
{[%clk 0:02:27]} 17. Bd2 {[%clk 0:01:56]} Bxc3 {[%clk 0:01:58]} 18. Bxc3
{[%clk 0:01:52]} Nd5 {[%clk 0:01:59]} 19. Qf3 {[%clk 0:01:51]} b5
{[%clk 0:01:54]} 20. a3 {[%clk 0:01:24]} Qb7 {[%clk 0:01:37]} 21. Bb4
{[%clk 0:01:13]} Rxc2 {[%clk 0:01:33]} 22. Rfe1 {[%clk 0:00:42]} Rfc8
{[%clk 0:01:31]} 23. Bc3 {[%clk 0:00:29]} Qc6 {[%clk 0:01:21]} 24. Bd4
{[%clk 0:00:27]} h6 {[%clk 0:01:06]} 25. Rad1 {[%clk 0:00:28]} Ne7
{[%clk 0:00:40]} 26. Bc3 {[%clk 0:00:20]} Qxf3+ {[%clk 0:00:38]} 27. Kxf3
{[%clk 0:00:21]} Nd5 {[%clk 0:00:39]} 28. Rc1 {[%clk 0:00:13]} Rxc1
{[%clk 0:00:34]} 29. Rxc1 {[%clk 0:00:15]} g5 {[%clk 0:00:33]} 30. Bd2
{[%clk 0:00:13]} Rb8 {[%clk 0:00:33]} 31. h4 {[%clk 0:00:11]} gxh4
{[%clk 0:00:27]} 32. gxh4 {[%clk 0:00:12]} Kh7 {[%clk 0:00:28]} 33. Rc6
{[%clk 0:00:09]} Kg6 {[%clk 0:00:27]} 34. Kg4 {[%clk 0:00:08]} h5+ 35. Kf3 Kf5
{[%clk 0:00:29]} 36. Rc5 {[%clk 0:00:10]} f6 {[%clk 0:00:20]} 37. Be1
{[%clk 0:00:11]} Ke5 {[%clk 0:00:16]} 38. Bc3+ {[%clk 0:00:12]} Kd6
{[%clk 0:00:16]} 39. Bb4 {[%clk 0:00:12]} Nxb4 {[%clk 0:00:14]} 40. axb4
{[%clk 0:00:13]} f5 {[%clk 0:00:12]} 41. Kf4 {[%clk 0:00:14]} Rg8
{[%clk 0:00:12]} 42. Rxb5 Rg4+ {[%clk 0:00:13]} 43. Ke3 {[%clk 0:00:16]} Rxh4
{[%clk 0:00:14]} 44. Rb6+ {[%clk 0:00:16]} Ke5 {[%clk 0:00:14]} 45. Rb5+
{[%clk 0:00:17]} Kf6 {[%clk 0:00:15]} 46. Rb8 {[%clk 0:00:19]} Rh1
{[%clk 0:00:14]} 47. Kd3 {[%clk 0:00:17]} Rf1 {[%clk 0:00:14]} 48. Rh8
{[%clk 0:00:15]} Rxf2 {[%clk 0:00:14]} 49. Rxh5 {[%clk 0:00:16]} Rxb2 50. Kc3 Rb1
{[%clk 0:00:16]} 51. Rh2 {[%clk 0:00:15]} e5 {[%clk 0:00:16]} 52. Rh6+ Kg5
{[%clk 0:00:16]} 53. Rb6 {[%clk 0:00:05]} e4 {[%clk 0:00:16]} 54. Kc2
{[%clk 0:00:07]} Rh1 {[%clk 0:00:16]} 55. Rb8 {[%clk 0:00:08]} Kf4
{[%clk 0:00:16]} 56. b5 {[%clk 0:00:09]} e3 {[%clk 0:00:17]} 57. Kd3
{[%clk 0:00:10]} Rb1 {[%clk 0:00:17]} 58. b6 {[%clk 0:00:10]} Kf3
{[%clk 0:00:17]} 59. b7 {[%clk 0:00:12]} f4 60. Kc2 Rb6 {[%clk 0:00:18]} 61. Kd3
{[%clk 0:00:15]} e2 {[%clk 0:00:18]} 62. Kd2 {[%clk 0:00:15]} Kf2
{[%clk 0:00:18]} 63. Re8 {[%clk 0:00:16]} f3 0-1

[Event "15th Bangkok Chess Club Open Blitz 2015"]
[Site "Dusit Thani, Pattaya"]
[Date "2015.04.15"]
[Round "3.4"]
[White "Dimakiling, Oliver"]
[Black "Gavilan, Arnulfo"]
[Result "*"]
[BlackElo "2244"]
[WhiteElo "2422"]
[LiveChessVersion "1.4.5"]

1. c4 {[%clk 0:03:03]} e5 {[%clk 0:02:59]} 2. g3 {[%clk 0:03:04]} Nf6
{[%clk 0:02:59]} 3. Bg2 {[%clk 0:03:05]} Bc5 {[%clk 0:03:00]} 4. Nc3
{[%clk 0:03:05]} Nc6 {[%clk 0:02:59]} 5. e3 {[%clk 0:03:05]} O-O {[%clk 0:02:58]}
6. Nge2 {[%clk 0:03:06]} a5 {[%clk 0:02:58]} 7. O-O {[%clk 0:03:05]} d6
{[%clk 0:02:58]} 8. d4 {[%clk 0:03:05]} Ba7 {[%clk 0:02:51]} 9. h3 Re8 10. b3
{[%clk 0:03:03]} Rb8 {[%clk 0:02:41]} 11. Bb2 {[%clk 0:03:04]} e4
{[%clk 0:02:24]} 12. Nf4 {[%clk 0:03:00]} h6 {[%clk 0:02:20]} 13. Nh5
{[%clk 0:02:53]} Bf5 {[%clk 0:02:17]} 14. g4 {[%clk 0:02:49]} Nxh5
{[%clk 0:02:13]} 15. gxf5 {[%clk 0:02:49]} Qh4 {[%clk 0:02:11]} 16. Nd5
{[%clk 0:02:32]} Rbc8 {[%clk 0:02:02]} 17. Qg4 {[%clk 0:02:32]} Qg5
{[%clk 0:01:53]} 18. f4 {[%clk 0:02:25]} exf3 {[%clk 0:01:50]} 19. Rxf3
{[%clk 0:02:24]} Nb4 {[%clk 0:01:49]} 20. Nxb4 {[%clk 0:02:12]} axb4
{[%clk 0:01:49]} 21. Qxg5 {[%clk 0:02:12]} hxg5 {[%clk 0:01:50]} 22. a3
{[%clk 0:02:05]} bxa3 {[%clk 0:01:46]} 23. Rxa3 {[%clk 0:02:05]} Bb6
{[%clk 0:01:47]} 24. b4 {[%clk 0:02:07]} c5 {[%clk 0:01:46]} 25. bxc5 dxc5
{[%clk 0:01:43]} 26. d5 {[%clk 0:02:06]} Bc7 {[%clk 0:01:28]} 27. Ra7
{[%clk 0:01:36]} Rb8 28. Bf1 {[%clk 0:01:30]} Ng3 {[%clk 0:01:23]} 29. f6 g6
{[%clk 0:01:12]} 30. Bd3 {[%clk 0:01:21]} Ne4 {[%clk 0:00:49]} 31. Kg2 Nd6 32.
Bc3 {[%clk 0:00:48]} Ra8 {[%clk 0:00:46]} 33. Rxa8 {[%clk 0:00:47]} Rxa8
{[%clk 0:00:47]} 34. Be1 {[%clk 0:00:31]} Ra2+ {[%clk 0:00:38]} 35. Bf2 b5
{[%clk 0:00:34]} 36. cxb5 c4 37. Bf1 {[%clk 0:00:33]} c3 {[%clk 0:00:34]} 38. e4
{[%clk 0:00:34]} Nxe4 {[%clk 0:00:34]} 39. Bd3 {[%clk 0:00:31]} Nd2
{[%clk 0:00:23]} 40. Re3 {[%clk 0:00:31]} c2 {[%clk 0:00:17]} 41. Re1
{[%clk 0:00:28]} Nb3 {[%clk 0:00:15]} 42. d6 {[%clk 0:00:15]} Bxd6
{[%clk 0:00:10]} 43. Bxc2 {[%clk 0:00:13]} Rxc2 {[%clk 0:00:10]} 44. Kf3
{[%clk 0:00:15]} Bc5 {[%clk 0:00:07]} 45. Bg3 {[%clk 0:00:13]} Nd4+
{[%clk 0:00:06]} 46. Ke4 {[%clk 0:00:14]} Nxb5 {[%clk 0:00:07]} 47. Kd5
{[%clk 0:00:15]} Bf2 {[%clk 0:00:06]} 48. Re8+ Kh7 49. Be5 {[%clk 0:00:16]} Nc7+
{[%clk 0:00:07]} 50. Bxc7 {[%clk 0:00:17]} Rxc7 {[%clk 0:00:08]} 51. Re7
{[%clk 0:00:16]} Rc5+ {[%clk 0:00:08]} 52. Kd6 {[%clk 0:00:17]} Rf5
{[%clk 0:00:06]} 53. Rxf7+ {[%clk 0:00:18]} Kg8 {[%clk 0:00:07]} 54. Rg7+ Kf8 55.
Ke6 {[%clk 0:00:20]} Bd4 {[%clk 0:00:09]} 56. Rxg6 {[%clk 0:00:21]} Rxf6+
{[%clk 0:00:08]} 57. Rxf6+ {[%clk 0:00:22]} Bxf6 {[%clk 0:00:09]} 58. Kxf6
{[%clk 0:00:22]} Kg8 {[%clk 0:00:11]} 59. Kxg5 {[%clk 0:00:23]} *

[Event "15th Bangkok Chess Club Open Blitz 2015"]
[Site "Dusit Thani, Pattaya"]
[Date "2015.04.15"]
[Round "3.5"]
[White "Ravi, Teja S."]
[Black "Roy, Prantik"]
[Result "*"]
[BlackElo "2308"]
[WhiteElo "2368"]
[LiveChessVersion "1.4.5"]

1. d4 {[%clk 0:03:02]} d5 {[%clk 0:03:03]} 2. c4 {[%clk 0:03:03]} e6
{[%clk 0:03:05]} 3. Nc3 {[%clk 0:03:04]} Be7 {[%clk 0:03:06]} 4. Nf3
{[%clk 0:03:04]} Nf6 {[%clk 0:03:07]} 5. cxd5 {[%clk 0:03:05]} exd5
{[%clk 0:03:08]} 6. Bg5 {[%clk 0:03:06]} c6 {[%clk 0:03:09]} 7. e3
{[%clk 0:03:08]} O-O {[%clk 0:03:08]} 8. Qc2 {[%clk 0:03:09]} Nbd7
{[%clk 0:03:08]} 9. Bd3 {[%clk 0:03:10]} Re8 {[%clk 0:03:10]} 10. O-O
{[%clk 0:03:09]} Nf8 {[%clk 0:03:09]} 11. h3 {[%clk 0:03:09]} Ng6
{[%clk 0:03:09]} 12. Ne5 {[%clk 0:03:10]} Nxe5 {[%clk 0:02:43]} 13. dxe5
{[%clk 0:03:11]} Ne4 {[%clk 0:02:44]} 14. Bxe4 {[%clk 0:02:59]} dxe4
{[%clk 0:02:41]} 15. Rad1 {[%clk 0:03:00]} Qc7 {[%clk 0:02:23]} 16. Bf4
{[%clk 0:02:42]} Bf5 {[%clk 0:02:06]} 17. Nxe4 {[%clk 0:02:43]} Rad8
{[%clk 0:01:47]} 18. Nf6+ {[%clk 0:02:31]} Bxf6 {[%clk 0:01:44]} 19. Qxf5
{[%clk 0:02:31]} Bh4 {[%clk 0:01:19]} 20. Qh5 {[%clk 0:02:00]} Rxd1
{[%clk 0:00:56]} 21. Rxd1 {[%clk 0:02:02]} Rd8 {[%clk 0:00:57]} 22. Rd6
{[%clk 0:00:56]} Be7 {[%clk 0:00:46]} 23. Rxd8+ {[%clk 0:00:44]} Qxd8
{[%clk 0:00:47]} 24. Qe2 {[%clk 0:00:40]} Qd5 {[%clk 0:00:47]} 25. b3
{[%clk 0:00:41]} g6 {[%clk 0:00:37]} 26. Qg4 {[%clk 0:00:41]} Qe6
{[%clk 0:00:29]} 27. Qd1 {[%clk 0:00:37]} Kf8 {[%clk 0:00:28]} 28. Kf1
{[%clk 0:00:36]} Ke8 {[%clk 0:00:29]} 29. Ke2 Bd8 30. Qd3 {[%clk 0:00:30]} Bc7
{[%clk 0:00:27]} 31. Qd4 {[%clk 0:00:30]} b6 {[%clk 0:00:23]} 32. Bg3
{[%clk 0:00:29]} c5 {[%clk 0:00:24]} 33. Qe4 {[%clk 0:00:30]} Kd7
{[%clk 0:00:21]} 34. f4 {[%clk 0:00:31]} f6 {[%clk 0:00:21]} 35. Qd3+
{[%clk 0:00:32]} Kc6 {[%clk 0:00:17]} 36. exf6 {[%clk 0:00:24]} Qxf6
{[%clk 0:00:18]} 37. Kf3 {[%clk 0:00:24]} b5 {[%clk 0:00:16]} 38. e4
{[%clk 0:00:25]} Qe6 {[%clk 0:00:16]} 39. f5 {[%clk 0:00:20]} gxf5
{[%clk 0:00:17]} 40. exf5 {[%clk 0:00:21]} Qe7 {[%clk 0:00:14]} 41. Bxc7
{[%clk 0:00:18]} Qxc7 {[%clk 0:00:11]} 42. Qe4+ {[%clk 0:00:19]} Kb6
{[%clk 0:00:13]} 43. f6 {[%clk 0:00:20]} Qf7 {[%clk 0:00:13]} 44. Qe7
{[%clk 0:00:15]} Qh5+ {[%clk 0:00:11]} 45. Kf4 {[%clk 0:00:15]} Qh6+
{[%clk 0:00:11]} 46. Kf5 {[%clk 0:00:15]} Qg6+ {[%clk 0:00:12]} 47. Ke6
{[%clk 0:00:15]} Qe4+ {[%clk 0:00:12]} 48. Kd7 {[%clk 0:00:16]} Qc6+
{[%clk 0:00:12]} 49. Kd8 {[%clk 0:00:16]} Qa8+ {[%clk 0:00:13]} 50. Kd7
{[%clk 0:00:16]} Qc6+ {[%clk 0:00:15]} 51. Kd8 {[%clk 0:00:17]} Qa8+
{[%clk 0:00:16]} *